Countries with capitals that start with A - Statistics

General Stats
  • This quiz has been taken 15 times
  • The average score is 11 of 16
Answer Stats
Answer % Correct
Andorra
93%
Ethiopia
87%
Turkey
87%
Algeria
80%
Greece
80%
Netherlands
80%
Paraguay
80%
Madagascar
73%
Nigeria
73%
Kazakhstan
67%
Ghana
60%
Samoa
60%
Eritrea
53%
Turkmenistan
53%
Jordan
47%
United Arab Emirates
47%
No matching quizzes found
Score Distribution
Percent of People with Each Score
Percentile by Number Answered
Your Score History
You have not taken this quiz